| 000 | 00837nam a22002415a 4500 | ||
|---|---|---|---|
| 003 | OSt | ||
| 005 | 20170411094000.0 | ||
| 008 | 170410s2012 ua frb 000 0 ara d | ||
| 015 | _a2012 / 11302 | ||
| 020 | _a9789770470326 | ||
| 040 |
_aEG-ScBUE _bara _cEG-ScBUE |
||
| 082 | 0 | 4 |
_a340.9 _bس ل ا _222 |
| 100 | 1 | _aسلامة، أحمد عبد الكريم. | |
| 245 | 1 | 2 |
_aمدونة أبحاث في القانون الدولي الخاص / _cتأليف أحمد عبد الكريم سلامة. |
| 250 | _aط. 1. | ||
| 260 |
_aالقاهرة : _bدار النهضة العربية، _c2012. |
||
| 300 |
_a1209 ص. ؛ _c24 سم. |
||
| 504 | _aيشتمل على إرجاعات ببليوجرافية. | ||
| 650 | 7 |
_aالقانون الدولي الخاص. _2BUEsh |
|
| 651 | _2BUEsh | ||
| 653 |
_bLLAAWW _cApril2017 |
||
| 942 | _2ddc | ||
| 999 |
_c24650 _d24622 |
||